liverpool transfers summer 2025 - Statistics

General Stats
  • This quiz has been taken 26 times
  • The average score is 3 of 6
Answer Stats
Hint Answer % Correct
from leverkusen Florian Wirtz
95%
from leverkusen Jeremie Frimpong
82%
from bournemouth Milos kerkez
64%
from frankfurt Hugo Ekitike
50%
from newcastle alexandre isak
0%
from sevilla Gorgi Marmadashvili
0%
No matching quizzes found
Score Distribution
Percent of People with Each Score
Percentile by Number Answered
Your Score History
You have not taken this quiz